| 000 | 00368nam a2200157Ia 4500 | ||
|---|---|---|---|
| 008 | 230917s9999||||xx |||||||||||||| ||und|| | ||
| 020 | _cRS450 | ||
| 040 |
_e33885 _aMAIN |
||
| 041 | _aEnglish | ||
| 082 | _a810.9 S23M | ||
| 100 | _aSharma, R K, ed. | ||
| 245 | 0 | _aModern American literature | |
| 260 |
_aDelhi _bS S _c2001 |
||
| 300 | _aviii, 231 p. | ||
| 942 | _cBK | ||
| 999 |
_c108877 _d108877 |
||